000 00521nam a22001937a 4500
003 OSt
005 20210423055916.0
008 210222s1996 ||||| |||| 00| 0 eng d
040 _aeng
_beng
_cDLC
041 _aeng
080 _a005
_bS-51
100 _91071
_aSevcik, R. Galen
245 _aManagerial Accounting and Control
_b: Course Packet
_c/ by: Custom Course Pack
260 _bCustom Course Pack
_c1996
300 _a287 p.
_bill.
650 0 _9324
_aManagement
653 _aმართვა
942 _2udc
_cBK
999 _c1654
_d1654